| 000 | 00405nam a2200157 a 4500 | ||
|---|---|---|---|
| 001 | 3680 | ||
| 005 | 20140414131905.0 | ||
| 008 | 061002s19uu xx 00 eng d | ||
| 020 | _a0-590-40400-8 | ||
| 050 |
_aFIC _bE85 1973 |
||
| 100 | _aEstes, Eleanor | ||
| 245 |
_aThe hundred dresses / _cby Eleanor Estes. |
||
| 260 |
_aNew York : _bScholastic, _cc1973. |
||
| 300 | _a78 p. ; cm. | ||
| 999 |
_c110881 _d110881 |
||